|
|
|
|
| LEADER |
03352nam a22004697i 4500 |
| 001 |
32737 |
| 003 |
BD-DhAAL |
| 005 |
20211108150057.0 |
| 008 |
180214t20142014inua 001 0 eng d |
| 999 |
|
|
|c 39107
|d 39107
|
| 010 |
|
|
|a 2013933932
|
| 015 |
|
|
|a GBB317662
|2 bnb
|
| 015 |
|
|
|a GBB480554
|2 bnb
|
| 016 |
7 |
|
|a 016284545
|2 Uk
|
| 016 |
7 |
|
|a 016814309
|2 Uk
|
| 020 |
|
|
|a 9781118531648 (pbk.)
|
| 020 |
|
|
|a 1118531647 (pbk.)
|
| 020 |
|
|
|a 9781118871652
|
| 020 |
|
|
|a 1118871650
|
| 035 |
|
|
|a (OCoLC)ocn829055899
|
| 040 |
|
|
|a UKMGB
|b eng
|c UKMGB
|e rda
|d OCLCO
|d BTCTA
|d OCLCF
|d YDXCP
|d CLE
|d SZR
|d CHVBK
|d BDX
|d WIM
|d SINLB
|d AU@
|d S1C
|d MNY
|d IAD
|d MNE
|d TWTCL
|d DLC
|d BD-DhAAL
|
| 041 |
0 |
|
|a eng
|
| 042 |
|
|
|a lccopycat
|
| 050 |
0 |
0 |
|a QA76.73.J39
|b D83 2014
|
| 082 |
0 |
4 |
|a 005.133
|2 23
|
| 100 |
1 |
|
|a Duckett, Jon
|9 24976
|
| 245 |
1 |
0 |
|a JavaScript & Jquery :
|b interactive front-end web development /
|c Jon Duckett ; additional material by Gilles Ruppert & Jack Moore.
|
| 260 |
|
|
|a Indianapolis, IN :
|b Wiley,
|c c2014
|
| 300 |
|
|
|a 622 pages :
|b color illustrations ;
|c 24 cm.
|
| 500 |
|
|
|a Includes index.
|
| 505 |
0 |
0 |
|t The ABC of programming --
|t Basic JavaScript instructions --
|t Functions, methods & objects --
|t Decisions & loops --
|t Document object model --
|t Events --
|t jQuery --
|t Ajax & JSON --
|t APIs --
|t Error handling & debugging --
|t Content panels --
|t Filtering, searching & sorting --
|t Form enhancement & validation.
|
| 520 |
|
|
|a This book covers: 1. Basic programming concepts - assuming no prior knowledge of programming beyond an ability to create a web page using HTML & CSS ; 2. Core elements of the JavaScript language - so you can learn how to write your own scripts from scratch ; 3. jQuery - which will allow you to simplify the process of writing scripts (this is introduced half-way through the book once you have a solid understanding of JavaScript) ; 4. How to recreate techniques you will have seen on other web sites such as sliders, content filters, form validation, updating content using Ajax, and more. Each chapter: Breaks subjects down into bite-sized chunks with a new topic on each page ; Contains clear descriptions of syntax, each one demonstrated with inspiring code samples ; Uses diagrams and photography to explain complex concepts in a visual way. This book enables you to use & customize thousands of scripts, JavaScript APIs, and jQuery plugins that are freely available on the web as well as create your own scripts from scratch.
|
| 526 |
|
|
|a AAL, CSE(33849)
|
| 541 |
|
|
|a STS International
|e 32737, 33849
|
| 650 |
|
0 |
|a JavaScript (Computer program language).
|9 24977
|
| 650 |
|
0 |
|a Computer science.
|9 42412
|
| 700 |
1 |
|
|a Ruppert, Gilles
|9 24978
|
| 700 |
1 |
|
|a Moore, Jack,
|d 1981-
|9 24979
|
| 852 |
|
|
|a Ayesha Abed Library
|c General Stacks
|
| 942 |
|
|
|2 ddc
|c BK
|
| 952 |
|
|
|0 0
|1 0
|2 ddc
|4 0
|6 005_133000000000000_DUC
|7 0
|9 62719
|a BRACUL
|b BRACUL
|c GEN
|d 2018-02-12
|e STS International
|g 5790.00
|l 24
|m 175
|o 005.133 DUC
|p 3010032737
|q 2026-06-02
|r 2025-12-24
|s 2025-12-24
|t 1
|v 5790.00
|w 2018-02-12
|y BK
|x For price check Bill No. 180; Received as a set. Unit price is Tk. 3360/-
|
| 952 |
|
|
|0 0
|1 0
|2 ddc
|4 0
|6 005_133000000000000_DUC
|7 0
|9 64487
|a BRACUL
|b BRACUL
|c GEN
|d 2018-10-16
|e STS International
|g 5790.00
|l 14
|m 161
|o 005.133 DUC
|p 3010033849
|q 2026-05-21
|r 2026-04-27
|s 2026-04-27
|t 2
|v 5790.00
|w 2018-10-16
|y BK
|x Received as a set. Unit price is Tk. 3360/-
|